[Event "Sachsen-Anhalt-Rheinland-Pfalz 2"]
[Site "Templin"]
[Date "2017.09.25"]
[Round "1.2"]
[White "Köhler, Gerhard"]
[Black "Schwertel, Johann"]
[Result "1-0"]
[WhiteElo "2192"]
[BlackElo "1930"]
[PlyCount "85"]
[EventDate "2017.??.??"]
[WhiteTeam "Sachsen-Anhalt"]
[BlackTeam "Rheinland-Pfalz 2"]

1. c4 c6 2. g3 d5 3. Bg2 e6 4. Nf3 Nf6 5. O-O Nbd7 6. b3 Be7 7. Bb2 O-O 8. d3
dxc4 9. bxc4 Qb6 10. Qc2 Qc7 11. Nbd2 b6 12. d4 Bb7 13. e4 Bb4 14. e5 Bxd2 15.
exf6 Bh6 16. fxg7 Bxg7 17. Ng5 Nf6 18. d5 e5 19. dxc6 Bxc6 20. Bxc6 Qxc6 21.
Bxe5 h6 22. Bxf6 hxg5 23. Bxg7 Kxg7 24. Qf5 f6 25. Rac1 Rad8 26. Rfe1 Rfe8 27.
h4 gxh4 28. Qg4+ Kf7 29. Qh5+ Kg7 30. Qxh4 Qf3 31. Qh1 Qa3 32. Qb7+ Kg6 33. Qc6
Re7 34. Kg2 Rd2 35. Rxe7 Qxe7 36. Rc3 Qe5 37. Rf3 Rxa2 38. Rf4 Ra3 39. Rg4+ Kh5
40. Re4 Qb2 41. Qe8+ Kh6 42. Rh4+ Kg7 43. Rg4+ 1-0

[Event "Sachsen-Anhalt-Rheinland-Pfalz 2"]
[Site "Templin"]
[Date "2017.09.25"]
[Round "1.3"]
[White "Schowalter, Gerd"]
[Black "Schultheis, Heinz"]
[Result "0-1"]
[WhiteElo "1946"]
[BlackElo "2087"]
[PlyCount "96"]
[EventDate "2017.??.??"]
[WhiteTeam "Rheinland-Pfalz 2"]
[BlackTeam "Sachsen-Anhalt"]

1. d4 d5 2. Nf3 Nf6 3. e3 c5 4. dxc5 e6 5. c4 Bxc5 6. Nc3 Nc6 7. a3 a6 8. b4
Ba7 9. Bb2 O-O 10. Be2 dxc4 11. Qxd8 Rxd8 12. Bxc4 b5 13. Be2 Bb7 14. O-O Ne7
15. Rad1 Ned5 16. Nxd5 Nxd5 17. Rd2 Rdc8 18. Rfd1 Bb6 19. Bd4 Bxd4 20. Nxd4 Nc3
21. Ra1 g6 22. Bf3 Bxf3 23. gxf3 Nd5 24. Nb3 Rc3 25. Nc5 a5 26. Ne4 Rc6 27.
bxa5 Rxa5 28. Rd3 b4 29. Rb3 Rca6 30. a4 Rxa4 31. Rxa4 Rxa4 32. Nc5 Ra3 33. Rb2
Rc3 34. Nb3 Nc7 35. Kg2 e5 36. Nd2 Na6 37. Ne4 Ra3 38. Nd2 f6 39. Kg3 Kf7 40.
f4 Ke6 41. fxe5 fxe5 42. Kf3 Kd5 43. Ke2 Kc5 44. f3 Kb5 45. Nb1 Ra1 46. h4 Nc5
47. Kd2 Na4 48. Rb3 Kc4 0-1

[Event "Sachsen-Anhalt-Rheinland-Pfalz 2"]
[Site "Templin"]
[Date "2017.09.25"]
[Round "1.4"]
[White "Werchan, Hans"]
[Black "Ranker, Klemens"]
[Result "1-0"]
[WhiteElo "2085"]
[BlackElo "1835"]
[PlyCount "63"]
[EventDate "2017.??.??"]
[WhiteTeam "Sachsen-Anhalt"]
[BlackTeam "Rheinland-Pfalz 2"]

1. Nf3 Nf6 2. c4 c5 3. Nc3 Nc6 4. d4 cxd4 5. Nxd4 g6 6. e4 d6 7. Be2 Bg7 8. Be3
O-O 9. Qd2 Bd7 10. Rc1 Rc8 11. f3 a6 12. O-O Nxd4 13. Bxd4 Ne8 14. Nd5 Bxd4+
15. Qxd4 Rc6 16. Rfd1 Ng7 17. b4 Ne6 18. Qa7 Bc8 19. c5 Kg7 20. cxd6 Rxd6 21.
Qe3 Re8 22. f4 b5 23. Bf3 Bb7 24. g3 f6 25. Kf2 Bxd5 26. exd5 Nf8 27. Rc6 Qb8
28. Rdc1 Red8 29. Qxe7+ Kh6 30. Rxd6 Qxd6 31. Qxd6 Rxd6 32. Rc6 1-0